Arsenal's first-team nationalities Quiz Stats

 Plays Quiz not verified by Sporcle

Score 0/15 Timer 04:00
1 Play Today
# Country % Correct
6England
98.6%
2France
98.5%
3Germany
97.5%
3Spain
96.9%
1Brazil
88.5%
1Scotland
87%
1Gabon
85%
2Greece
76.9%
# Country % Correct
1Switzerland
75.9%
1Ivory Coast
75.8%
1Uruguay
71.7%
1Bosnia and Herzegovina
65.7%
1Armenia
64%
1Argentina
63.2%
1Egypt
58.7%

You're not logged in!

Compare scores with friends on all Sporcle quizzes.
OR
Log In

Show Comments

Extras

Top Quizzes Today


Score Distribution

Your Account Isn't Verified!

In order to create a playlist on Sporcle, you need to verify the email address you used during registration. Go to your Sporcle Settings to finish the process.

Report this User

Report this user for behavior that violates our Community Guidelines.

Details: